Most Democratic Countries - With Exceptions - Statistics

General Stats
  • This quiz has been taken 50 times
  • The average score is 17 of 25
Answer Stats
Score Country % Correct
8.96 Australia
95%
9.24 Canada
95%
8.13 Japan
95%
8.01 South Korea
95%
9.25 New Zealand
93%
7.89 United States
93%
7.10 Argentina
90%
8.61 Chile
88%
8.90 Taiwan
80%
7.84 Israel
78%
8.67 Uruguay
78%
7.05 Brazil
76%
6.98 Colombia
71%
8.24 Costa Rica
71%
6.61 India
68%
7.22 Panama
68%
6.59 Peru
63%
7.19 Malaysia
59%
7.03 South Africa
59%
7.13 Jamaica
51%
6.92 Suriname
41%
7.62 Botswana
39%
7.17 Trinidad and Tobago
39%
7.56 Cyprus
37%
6.82 East Timor
12%
No matching quizzes found
Score Distribution
Percent of People with Each Score
Percentile by Number Answered
Your Score History
You have not taken this quiz